20 Most Streamed Songs from 2008 on Spotify - Statistics

General Stats
  • This quiz has been taken 902 times
    893 since last reset
  • The average score is 13 of 20
Answer Stats
Artist Song % Correct
Lady Gaga Poker Face
96%
Lady Gaga Just Dance
96%
Rihanna Umbrella
95%
Rihanna Don't Stop The Music
95%
Rihanna Take A Bow
95%
Coldplay Viva La Vida
92%
Katy Perry I Kissed A Girl
91%
Beyoncé Halo
87%
Taylor Swift Love Story
72%
Kings Of Leon Sex on Fire
57%
Kings Of Leon Use Somebody
57%
Flo Rida Low
56%
Jason Mraz I'm Yours
54%
Jason Mraz Lucky
54%
Kanye West Heartless
47%
Leona Lewis Bleeding Love
47%
Adele Make You Feel My Love
36%
The Script Breakeven
25%
The Offspring You're Gonna Go Far, Kid
23%
Empire of the Sun Walking on a Dream
19%
No matching quizzes found
Score Distribution
Percent of People with Each Score
Percentile by Number Answered
Your Score History
You have not taken this quiz since the last reset